| 000 | 01234nam a22003377a 4500 | ||
|---|---|---|---|
| 003 | CHAP | ||
| 005 | 20220329134848.0 | ||
| 008 | 971013s1974 r 00010 d | ||
| 010 | _a27078 | ||
| 011 | _a28050 | ||
| 035 | _a32151 | ||
| 040 | _cCHAP | ||
| 090 | _aTesis | ||
| 100 | 0 | 0 |
_aLagunes Tejeda, Angel. _964465 |
| 245 | _aResistencia diferencial a insecticidas entre poblaciones de Heliothis spp. (Lepideoptera Noctuidae) que atacan al algodonero, tomate y maíz en México | ||
| 260 |
_aChapingo, Méx. : _bEl autor;, _c1974 |
||
| 300 |
_a101 h. _b: gráfs. ; mapa |
||
| 502 | _aTesis (Maestro en Ciencias. Esp. en Entomología) -- Colegio de Postgraduados. Rama de Entomología. | ||
| 590 |
_aALEPH _b10 _c20130110 _lUCH01 _h1249 |
||
| 590 |
_aBATCH-UPD _b10 _c20130110 _lUCH01 _h0239 |
||
| 590 |
_aBATCH-UPD _b10 _c20130110 _lUCH01 _h2248 |
||
| 590 |
_aCONVERSION _b10 _c20130109 _lUCH01 _h1316 |
||
| 650 | 1 | 4 |
_aHeliothis. _953436 |
| 650 | 1 | 4 |
_aInsectos _xResistencia a insecticidas. _958941 |
| 901 | _aBK | ||
| 942 | _cFOLL | ||
| 949 |
_bBC _cTES _d-74391 _eTS1 _i32151 _si |
||
| 949 |
_bBC _cTES _d-74392 _eTS2 _fc.2 _i32151 _si |
||
| 949 |
_bBC _cTES _d-74393 _eTS2 _fc.3 _i32151 _si |
||
| 949 |
_bBC _cTES _d-74394 _eTS2 _fc.4 _i32151 _si |
||
| 999 |
_c27078 _d27078 |
||